00784 2200253 4500001002100000005001700021008004100038020002200079035002500101040001200126082001700138084002300155100001800178245011700196250001100313260003200324300004500356500003000401650003300431850001200464990001800476990001800494990001800512INLIS00000000001768220160218091521.0  a978-602-72959-0-2 a0010-021600000000770 aYOPDYOG a581.45982172 a581.45982172 Sid K aSIDIK PERMANA aKampung Nagab: Pengetahuan ekologi tradisional dan pelestarian keanekaragaman hayati tumbuhanc/ Sidik Permana. aCet.1. aYogyakartabPlantaxiac2015 axiv, 113 hlm.b: ilus.c; 23 cm [3 eks.] aBibliografi : hlm.103-108 aEkologi Tanaman-Kampung Naga aYOPDYOG a26860-PD/B.15 a26861-PD/B.15 a26862-PD/B.15